Skutečný zpěv : kniha rozhovorů s Margreet Honig o dýchání a lidském hlasu /

Hlavní autor: Honig, Margreet, 1938-
Další autoři: Crnkovic, Gordana, Cukrová, Markéta, 1972-
Jazyk: Čeština
Vydáno: [Česko] : VoiceWise ;Zámek Liteň, [2022]
Vydání: 1. vydání
Témata:
Fyzický popis: 109 stran ; 21 cm
Knihy
Uloženo v:
LEADER 02021nam a2200589 i 4500
001 nkc20223431158
003 CZ PrNK
005 20220715124325.0
007 ta
008 220701s2022 xr e 000 0dcze
015 |a cnb003431158 
020 |q (Brožováno) 
040 |a BOA001  |b cze  |e rda 
041 1 |a cze  |h eng 
043 |a e-ne--- 
045 |a x-y- 
072 7 |a 78  |x Hudba  |2 Konspekt  |9 9 
080 |a 78.071.4-055.2  |2 MRF 
080 |a 784.9  |2 MRF 
080 |a 612.78  |2 MRF 
080 |a 615.825:612.21  |2 MRF 
080 |a 784.9.02  |2 MRF 
080 |a 78:37.016  |2 MRF 
080 |a (492)  |2 MRF 
080 |a (047.53)  |2 MRF 
100 1 |a Honig, Margreet,  |d 1938-  |7 mzk20221156479  |4 aut 
240 1 0 |a True singing.  |l Česky 
245 1 0 |a Skutečný zpěv :  |b kniha rozhovorů s Margreet Honig o dýchání a lidském hlasu /  |c Margreet Honig, Gordana Crnković ; překlad Markéta Cukrová 
250 |a 1. vydání 
264 1 |a [Česko] :  |b VoiceWise ;  |a Liteň :  |b Zámek Liteň,  |c [2022] 
300 |a 109 stran ;  |c 21 cm 
336 |a text  |b txt  |2 rdacontent 
337 |a bez média  |b n  |2 rdamedia 
338 |a svazek  |b nc  |2 rdacarrier 
500 |a Přeloženo z angličtiny? 
600 1 7 |a Honig, Margreet,  |d 1938-  |7 mzk20221156479  |2 czenas 
648 7 |a 20.-21. století  |7 ch462155  |2 czenas 
650 0 7 |a hudební pedagožky  |7 ph348291  |z Nizozemsko  |y 20.-21. století  |2 czenas 
650 0 7 |a zpěv  |7 ph127679  |2 czenas 
650 0 7 |a hlas  |7 ph120748  |2 czenas 
650 0 7 |a dechová cvičení  |7 ph234827  |2 czenas 
650 0 7 |a pěvecká technika  |7 ph311274  |2 czenas 
650 0 7 |a hudební výchova  |7 ph120934  |2 czenas 
655 7 |a rozhovory  |7 fd133303  |2 czenas 
700 1 |a Crnkovic, Gordana  |7 mzk20221156463  |4 aut 
700 1 |a Cukrová, Markéta,  |d 1972-  |7 mzk2003188773  |4 trl 
910 2 |a BOA001  |b 2-1490.336 
928 9 |a Zámek Liteň 
990 |a BK 
995 |a 60 
991 |b 202207  |c NOV 
996 6 |b 2610908543  |c 2-1490.336  |l MZK  |r Sklad / do 1 hodiny  |n 4  |p p.v.  |w 001893214  |u 000010  |a 1  |e BOA001  |j MZK50  |s P